| 000 | 00500nam a2200193Ia 4500 | ||
|---|---|---|---|
| 008 | 240510s9999 xx 000 0 und d | ||
| 020 | _a0000878352287 | ||
| 041 | _aEng | ||
| 082 | _a005.74 | ||
| 082 | _bP61 | ||
| 100 | _aPRAT, P.J.: ADAMSKI, J.J.: | ||
| 245 | 0 | _aInstructors Manual to Accompany Database Systems:Management and Design | |
| 260 | _bBoyd. & Fraser Publishing Company | ||
| 260 | _c1986 | ||
| 300 | _a278 p. | ||
| 650 | _aDatabase systems : | ||
| 942 | _2ddc | ||
| 942 | _cRBK | ||
| 999 |
_c23682 _d23682 |
||
| 945 |
_a1 _bMadushi Gamage _c1 _dMadushi Gamage |
||